През огъня (Запис номер 342132)
[ съкратено ]
| 000 -Лидер | |
|---|---|
| Контролно поле с фиксирана дължина | 00913nam a2200301 c 4500 |
| 003 - Код на организацията, давaща контролен номер | |
| Контролно поле | BLK |
| 005 - Дата и час на последна редакция | |
| Контролно поле | 20190913121152.0 |
| 008 - Елементи от данни с фиксирана дължина | |
| fixed length control field | 180911b bul|||||r ||||||| ||bul|| |
| 010 ## - Наследен системен номер | |
| LC control number | 001769 |
| 040 ## - Източник на каталожния запис | |
| Идентификатор на билиотеката - собственик на записа | BLK |
| 041 ## - Код за език | |
| Код за езика на текст/звукозапис или на отделно заглавие | Български |
| 080 ## - УДК | |
| УДК - код + определител | 886.7-32 |
| 100 1# - Редна дума - Автор | |
| Автор | НЕМИРОВ, Добри |
| Авторска отговорност | първи автор |
| 245 00 - Сведения за заглавието | |
| Заглавие | През огъня |
| 246 ## - Различни форми на заглавието | |
| Паралелно заглавие | Роман |
| Наименование на поредна част от произведението | епос-романи |
| 260 ## - Област на издателските данни | |
| Място на издаване, разпространение и проч. | София |
| Име на издателя, разпространителя и проч. | печ. Независимост |
| Година на издаване | 1931 |
| 300 ## - Физическа характеристика | |
| Страници | 238 с |
| Размери/Мащаб | 21 см |
| 380 ## - Жанр | |
| Жанр | Литературознание |
| 490 ## - СЕРИИ (Колекции) | |
| Име на серия | Частна колекция - Академик Михаил Арнаудов |
| Бележки за серията | Дарение - Основен фонд |
| 653 ## - Ключова дума – ненормативна | |
| 9 (RLIN) | |
| Ключова дума | епос |
| 653 ## - Ключова дума – ненормативна | |
| 9 (RLIN) | |
| Ключова дума | романи |
| 650 ## - Допълнително описание по предмет – тема | |
| Основно описание – тема или топоним | Проза |
| 650 ## - Допълнително описание по предмет – тема | |
| Основно описание – тема или топоним | Романи |
| 655 ## - Ключова дума – жанр/разновидност | |
| Данни за жанр/разновидност или ключова дума за фокус | българска литература |
| 700 1# - Други автори (авторска отговорност) | |
| Лично име | Добри Немиров |
| 852 ## - Местоположение | |
| Форматна сигнатура | МА 3393 |
| 942 ## - АРТИКУЛИ | |
| Вид на библиотечния материал | Книги |
| Скрит в OPAC | Не |
| 944 ## - СЪЗДАВАНЕ И РЕДАКЦИЯ на ЗАПИСА | |
| Създаване/Редакция | Създаване |
| Дата на регистрацията/редакция | 1994 |
| 999 ## - СИСТЕМНИ КОНТРОЛНИ НОМЕРА | |
| Koha biblionumber | 342132 |
| Koha biblioitemnumber | 342132 |
| Код за отписване | Код за изгубен артикул | Източник на класификационната схема | Код за повреда | Коз за рестрикции | Код за отдаване | Артикулен № | Име на библиотеката - собственик | Име на библиотеката, в която се намира в момента | Статус (Текущо местоположение) | Местоположение - отдел | Цена в лева | Инвентарен номер | Систематично азбучна сигнатура | Баркод | Номер на екземпляра | Цена в евро | Служебен тип на артикула |
|---|---|---|---|---|---|---|---|---|---|---|---|---|---|---|---|---|---|
| Не е изгубен | Universal Decimal Classification | Не е повреден | без рестрикции | Специални фондове ( старопечатни, редки и ценни, фонд М. Арнаудов) | 742176 | Регионална библиотека "Любен Каравелов" Русе | Регионална библиотека "Любен Каравелов" Русе | Фонд "Михаил Арнаудов" | Фонд "Михаил Арнаудов" | 60.00 | 590075 | МА 3393 | 120000590075 | 1 | 30.68 | Книги |